000 00311nam a2200133Ia 4500
005 20251222143109.0
008 251222s9999||||xx |||||||||||||| ||spa||
020 _a950-808-029-9
082 _a306.3/B44
100 _aBengoechea, Sonia
245 0 _aEl Mundo Moderno:
264 _bHomo Sapiens
942 _cLIB
999 _c11096
_d11096